[Event "Chicago op 23rd"]
[Site "Wheeling"]
[Date "2014.05.23"]
[Round "3"]
[White "Eckert, Doug D"]
[Black "Nieto, Manuel Valerio Wald"]
[Result "1/2-1/2"]
[WhiteElo "2255"]
[BlackElo "2043"]
[PlyCount "60"]
[EventDate "2014.05.22"]
[EventType "swiss"]
[EventRounds "9"]
[EventCountry "USA"]
[SourceTitle "CBM 160 Extra"]
[Source "ChessBase"]
[SourceDate "2014.07.01"]
[SourceVersion "1"]
[SourceVersionDate "2014.07.01"]
[SourceQuality "1"]

1. Nf3 c5 2. g3 g6 3. Bg2 Bg7 4. c4 Nc6 5. Nc3 d6 6. 0-0 e5 7. a3 Nge7 8. b4 0-0 9. bxc5 dxc5 10. Rb1 Rb8 11. d3 f5 12. Qb3 h6 13. Nd5 Be6 14. Nxe7+ Qxe7 15. Nh4 Nd4 16. Qd1 Bf7 17. e3 Ne6 18. Bb2 Rfd8 19. Qe2 Rd6 20. Bc3 e4 21. dxe4 Bxc3 22. exf5 Nd4 23. Qg4 h5 24. Qh3 g5 25. Ng6 Bxg6 26. fxg6 Ne6 27. Qxh5 Nf8 28. Qh6 Bg7 29. Qh5 Bc3 30. Qh6 Bg7 1/2-1/2

[Event "Bogota IRT Sabana op 3rd"]
[Site "Bogota"]
[Date "2014.05.04"]
[Round "9.4"]
[White "Nieto, Manuel Valerio Wald"]
[Black "Guerrero, Hernando"]
[Result "1-0"]
[WhiteElo "2033"]
[BlackElo "1833"]
[PlyCount "73"]
[EventDate "2014.04.26"]
[EventType "swiss"]
[EventRounds "9"]
[EventCountry "COL"]
[SourceTitle "EXT 2024"]
[Source "ChessBase"]
[SourceDate "2023.10.10"]
[SourceVersion "1"]
[SourceVersionDate "2023.10.10"]
[SourceQuality "1"]

1. d4 Nf6 2. c4 d5 3. cxd5 Nxd5 4. e4 Nb6 5. Nc3 g6 6. Nf3 Bg7 7. Be2 0-0 8. 0-0 Bg4 9. Bf4 c6 10. Be3 N8d7 11. Rc1 Rc8 12. Qb3 Nf6 13. Rfd1 Qc7 14. d5 Qb8 15. Bxb6 axb6 16. Qxb6 Bh6 17. Rc2 cxd5 18. exd5 Rfd8 19. Qb3 Bf5 20. Bd3 Bg4 21. Re2 Bxf3 22. gxf3 Qf4 23. Rxe7 Ng4 24. fxg4 Qxg4+ 25. Kf1 Qh3+ 26. Ke1 Bf8 27. Re3 Qxh2 28. Ne4 Qf4 29. Qb6 Bg7 30. Bb1 Kh8 31. d6 f5 32. d7 Rb8 33. Nf6 Qh4 34. Re8+ Rxe8+ 35. dxe8Q+ Rxe8+ 36. Nxe8 Qh1+ 37. Ke2 1-0